00789nam a22002057a 450000500170000000800410001702000180005805000280007610000720010424500870017625000110026326000600027430000210033449000340035550400180038960000370040765000440044465000520048865000430054020250818134414.0250307b mx |||||||| |||| 00| 0 spa d a978607004704604aPQ7298.1.G839bP75 20111 aAguilar, Jorge Salvadord1951-2021qAguilar Gómez, Jorge Salvador13aEl príncipe de Florenciab : la invención del poderc / Jorge Salvador Aguilar a1a ed. aMéxico :bEdiciones Oro :bEdiciones del Lirio,c2011 a415 p. ;c23 cm.0 aColección Canto a mi tierra aIncluye anexo14aMaquiavelo, Nicoló,d1469-1527 72lembaLiteratura mexicanaySiglo XX-XXI 72lembaNovela histórica mexicanaySiglo XX-XXI 72lembaLiteraturazItaliaySiglo XV-XVI